01123nam a2200241Ia 4500001001100000003001000011008004100021040002500062041001300087100004400100245004300144250001100187260006400198300001200262500011500274501011400389520011500503650004500618942000700663957000600670999004300676952016200719L808-31013IT-CnALBA170116s9999||||xx |||||||||||||| ||und|| aIT-CnALBAcIT-CnALBA aITALIANO aJOLANDA (PSEUD.) PLATTIS MAJ. M. (NOME) 0aALLE SOGLIE DELL'ETERNITÀ. ROMANZO.  a4a ed. a BOLOGNAbCAPPELLI LICINIO - EDITORE c1931 [1° Ed.: n.d.] a160 p.  aTRISTEZZA DELLA VITA. ANGOSCIA PER UNA AGONIA LENTA E INESORABILE. SPERANZA NELLA VITA ETERNA. RIPOSO ETERNO.  aSocietà San Paolo EM - Piazza San Paolo, 14 - 12051 ALBA (CN) (non commercial uses only) ® Copyright 2017 aTRISTEZZA DELLA VITA. ANGOSCIA PER UNA AGONIA LENTA E INESORABILE. SPERANZA NELLA VITA ETERNA. RIPOSO ETERNO.  aNARRATIVA DI VARIE LETTERATURE - ROMANZI cBK 71 a35787bSI g Copie: 1 c289853d289853 0010406L_8083101371aALBAbALBAd2017-01-16l0oL808-31013r2017-01-16 00:00:00w2017-01-16yBKz(data import: 16 gennaio 2017) - By Epidotti, Vaglietti.